000 00552nam a22001937a 4500
003 CEME
005 20210628204107.0
008 210112b xxu||||| |||| 00| 0 eng d
020 _a9788120342958
040 _cceme
082 _a620.001515353 DEB
100 _aDeb, Debasis
_968708
245 _aFinite element methods , concepts and applications in geomechanics
250 _a2ND
260 _aNEW DELHI
_bPHI LEARNING
_c2012
300 _aXV, 360P
650 _aFINITE ELEMENT METHODS.FEM-CONCEPTS AND APPLICATIONS.
_968709
942 _cBK
_2ddc
999 _c576199
_d576199